[Event "Casino op 3rd"]
[Site "Velden"]
[Date "1995.??.??"]
[Round "8"]
[White "Modrova, Hana"]
[Black "Stada, E."]
[Result "0-1"]
[WhiteElo "1928"]
[BlackElo "1967"]
[PlyCount "78"]
[EventDate "1995.06.30"]
[EventType "swiss"]
[EventRounds "9"]
[EventCountry "AUT"]
[SourceTitle "EXT 2022"]
[Source "ChessBase"]
[SourceDate "2021.10.06"]
[SourceVersion "1"]
[SourceVersionDate "2021.10.06"]
[SourceQuality "1"]

1. d4 d5 2. Nf3 Nf6 3. Bg5 Ne4 4. Bh4 g6 5. Nfd2 Nxd2 6. Nxd2 Bg7 7. c3 0-0 8. e3 Nd7 9. Bd3 Qe8 10. Nf3 e5 11. dxe5 Nxe5 12. Nxe5 Qxe5 13. Bg3 Qe7 14. 0-0 c6 15. Re1 Be6 16. Qe2 Rad8 17. Rad1 Rd7 18. Bb1 Rfd8 19. f4 f5 20. Qf2 Bf6 21. h3 b5 22. Kh1 a5 23. a3 Rb7 24. Re2 b4 25. axb4 axb4 26. Rc2 bxc3 27. bxc3 Rdb8 28. Ba2 h5 29. Qd2 Qc5 30. Bf2 Qa3 31. Be1 Rb2 32. Rdc1 Qxa2 33. Kh2 Rxc2 34. Rxc2 Qc4 35. Ra2 Qc5 36. Bf2 Qb5 37. e4 dxe4 38. Ra7 Rd8 39. Bd4 c5 0-1

[Event "Casino op 3rd"]
[Site "Velden"]
[Date "1995.??.??"]
[Round "5"]
[White "Pfeiffer, Gregor"]
[Black "Stada, E."]
[Result "1-0"]
[WhiteElo "2058"]
[BlackElo "1967"]
[PlyCount "67"]
[EventDate "1995.06.30"]
[EventType "swiss"]
[EventRounds "9"]
[EventCountry "AUT"]
[SourceTitle "EXT 2022"]
[Source "ChessBase"]
[SourceDate "2021.10.06"]
[SourceVersion "1"]
[SourceVersionDate "2021.10.06"]
[SourceQuality "1"]

1. e4 c5 2. Nf3 e6 3. d4 cxd4 4. Nxd4 Nf6 5. Nc3 d6 6. g4 h6 7. h4 Nc6 8. Rg1 d5 9. Bb5 Qc7 10. exd5 Nxd5 11. Nxd5 exd5 12. Be3 Bd7 13. Qd2 a6 14. Bxc6 bxc6 15. 0-0-0 0-0-0 16. Bf4 Qb6 17. Rg3 Bb4 18. Qd3 c5 19. a3 c4 20. Qf3 Bd6 21. Ne2 Be6 22. Bxd6 Qxd6 23. Qc3 h5 24. g5 Bg4 25. f3 Rhe8 26. fxg4 Rxe2 27. gxh5 Qf4+ 28. Kb1 Qxh4 29. Rf3 Qxh5 30. Rxd5 Rxd5 31. Qxc4+ Kb8 32. Qxd5 Re1+ 33. Ka2 Qh1 34. Rb3+ 1-0

[Event "Casino op 3rd"]
[Site "Velden"]
[Date "1995.??.??"]
[Round "2"]
[White "Podkriznik, Aleksander"]
[Black "Stada, E."]
[Result "1-0"]
[WhiteElo "1698"]
[BlackElo "1967"]
[PlyCount "55"]
[EventDate "1995.06.30"]
[EventType "swiss"]
[EventRounds "9"]
[EventCountry "AUT"]
[SourceTitle "EXT 2022"]
[Source "ChessBase"]
[SourceDate "2021.10.06"]
[SourceVersion "1"]
[SourceVersionDate "2021.10.06"]
[SourceQuality "1"]

1. e4 c5 2. Nf3 e6 3. d4 cxd4 4. Nxd4 Nf6 5. Nc3 d6 6. Be2 a6 7. Be3 Be7 8. f4 Qc7 9. a4 Bd7 10. 0-0 Nc6 11. Kh1 0-0 12. Nxc6 Bxc6 13. Bd3 e5 14. Qf3 b5 15. axb5 axb5 16. Nd5 Bxd5 17. exd5 Qb7 18. fxe5 dxe5 19. Rad1 Ra4 20. Bf5 e4 21. Qh3 g6 22. d6 Bd8 23. b3 Ra2 24. Bd4 Rxc2 25. Qh6 e3 26. Bxc2 e2 27. Rde1 exf1Q+ 28. Rxf1 1-0